El fulgor : una película de Ramon Lluís Bande /

"El fulgor" es una película documental de Ramón Lluís Bande que intenta mostrar el proceso de composición de la canción homónima de Nacho Vegas. El documental muestra como Nacho Vegas la compone, arregla, ensaya y presenta en directo en el Festival Tanned Tin de Santander.

Bibliographic Details
Other Authors: Lluís Bande, Ramón (Conductor)
Format: VHS
Language:English
Published: Barcelona, España DVD Video 2002
Subjects:

MARC

LEADER 00000ngm a22000007a 4500
001 031085
003 UAHC_CL
005 20170803123308.0
008 090113s1952 xxu130 e vleng d
040 |a UAHC_CL  |c UAHC_CL  |d UAHC_CL 
245 1 3 |a El fulgor :  |b una película de Ramon Lluís Bande /  |c Ramón Lluís Bande. 
260 |c 2002  |a Barcelona, España  |b DVD Video 
300 |a 1 videodisco (90 min.) 
520 |a "El fulgor" es una película documental de Ramón Lluís Bande que intenta mostrar el proceso de composición de la canción homónima de Nacho Vegas. El documental muestra como Nacho Vegas la compone, arregla, ensaya y presenta en directo en el Festival Tanned Tin de Santander. 
650 4 |a CINE 
700 1 |a Lluís Bande, Ramón  |e dir. 
900 |a DVD-793 
942 |c VHS 
952 |0 0  |1 0  |4 0  |6 DVD_793  |7 0  |8 Referencia  |9 60585  |a BC  |b BC  |c Referencia  |d 2017-08-03  |l 0  |o DVD-793  |p 1387137  |r 2021-12-01 00:00:00  |t 1  |w 2017-08-03  |y DVD 
999 |c 31085  |d 31085